| 000 | 03175nam0a2200421 4500 | ||
|---|---|---|---|
| 001 | RU\NLR\BIBL_A\022764169 | ||
| 005 | 20260531100137.0 | ||
| 010 |
_a978-5-91137-544-7 _9300 |
||
| 021 |
_aRU _bКН-П-26-006309 _9КН-П-26-0614 |
||
| 035 | _a(NLR Aleph) 022764169 | ||
| 090 |
_a13717711 _c13717711 |
||
| 100 | _a20260324d2025 k y0rusy50 ca | ||
| 101 | 0 |
_arus _deng |
|
| 102 | _aRU | ||
| 105 | _aa z 000zy | ||
| 181 | 0 |
_ai _baxxe |
|
| 182 | 0 | _an | |
| 200 | 1 |
_aФормирование нового подхода к пространственному взаимодействию предпринимательских структур в рыбной отрасли Мурманской области с использованием интеграции и цифровизации _dFormation of a new approach to spatial interactions of entrepreneurship structures in the fishing industry of the Murmansk region using integration and digitalization _eмонография _fВ. Е. Храпов, Т. В. Турчанинова _gМинистерство науки и высшего образования Российской Федерации, Федеральный исследовательский центр "Кольский научный центр Российской академии наук", Институт экономических проблем имени Г. П. Лузина _zeng |
|
| 203 |
_aТекст _bвизуальный _cнепосредственный |
||
| 210 |
_aАпатиты _cИзд-во Кольского научного центра РАН _d2025 |
||
| 215 |
_a234 с. _cил. _d26 |
||
| 300 | _aАвт. также на англ. яз.: V. E. Khrapov, T. V. Turchaninova | ||
| 300 | _aНа 4-й с. обл. авт.: д-р экон. наук, засл. работник рыб. хоз-ва В. Е. Храпов, канд. экон. наук, доц. Т. В. Турчанинова | ||
| 300 | _aРез. англ. | ||
| 320 | _aБиблиогр.: с. 175-184 (142 назв.) | ||
| 510 | 1 |
_6z20790 _aFormation of a new approach to spatial interactions of entrepreneurship structures in the fishing industry of the Murmansk region using integration and digitalization _zeng |
|
| 606 | 1 |
_aРыбная промышленность _yМурманская область _91578087 _3RU\NLR\AUTH\66991529 |
|
| 606 | 1 |
_aСудоремонтные предприятия _xИнновационная деятельность _yМурманская область _92711274 _3RU\NLR\AUTH\6601771224 |
|
| 686 | 1 | _aУ35(2)251(2Р-4Му) | |
| 686 | 1 | _aУ30(2)585.454-55(2Р-4Му) | |
| 700 | 1 |
_7ca _8rus _aХрапов _bВ. Е. _gВладимир Евгеньевич _9187345 _3RU\NLR\AUTH\770187396 |
|
| 701 | 1 |
_7ca _8rus _aТурчанинова _bТ. В. _gТатьяна Владимировна _9143191 _3RU\NLR\AUTH\770143227 |
|
| 790 | 1 |
_6z20 _7ba _8rus _aChrapov _bV. E. _gVladimir Evgen'evič _9187346 _3RU\NLR\AUTH\770187397 |
|
| 790 | 1 |
_6z20 _6z20510 _7ba _8rus _aTurčaninova _bT. V. _gTat'jana Vladimirovna _9143196 _3RU\NLR\AUTH\770143232 |
|
| 942 | _cBOOK | ||
| 980 | _aNB | ||